| 000 | 00451nam a22001697a 4500 | ||
|---|---|---|---|
| 003 | OSt | ||
| 008 | 230327b |||||||| |||| 00| 0 eng d | ||
| 020 | _a9789332558663 | ||
| 082 | _a658.16 SUC | ||
| 100 | _aSUDERSNUM,Sudi | ||
| 245 | _aCreating Value from Mergers and Acquisitions the Challenges | ||
| 250 | _a2nd Ed | ||
| 260 |
_aUP _bPearson _c2016 |
||
| 300 | _a785 | ||
| 650 | _aCreating Value from Mergers and Acquisitions | ||
| 942 |
_2ddc _cREF |
||
| 999 |
_c11904 _d11904 |
||